दिल्ली चढ़ी पहाड़ / (Record no. 198331)

MARC details
000 -LEADER
fixed length control field 00747nam a22002177a 4500
005 - DATE AND TIME OF LATEST TRANSACTION
control field 20230919110750.0
010 ## - LCCN (DPL NO)
LC control number HIN-126043
020 ## - INTERNATIONAL STANDARD BOOK NUMBER
International Standard Book Number 9789383894949
Terms of availability 160.00
035 ## - SYSTEM CONTROL NUMBER
System control number HN-98389
037 ## - SOURCE OF ACQUISITION
Source of stock number/acquisition DBAD/PUB
082 ## - DEWEY DECIMAL CLASSIFICATION NUMBER
Classification number 954.16
100 ## - MAIN ENTRY--PERSONAL NAME
Personal name नवल , हरीश
245 ## - TITLE STATEMENT
Title दिल्ली चढ़ी पहाड़ /
Statement of responsibility, etc हरीश नवल
250 ## - EDITION STATEMENT
Edition statement 1
260 ## - PUBLICATION, DISTRIBUTION, ETC. (IMPRINT)
Name of publisher, distributor, etc हिंदी बुक सेंटर
Place of publication, distribution, etc नई दिल्ली
Date of publication, distribution, etc 2021
270 ## - ADDRESS
Address 4/5-बी आसफ अली रोड
Postal code 110002
City नई दिल्ली
300 ## - PHYSICAL DESCRIPTION
Extent 120 पृ.
Dimensions 22 सेमी (सजिल्द)
710 ## - ADDED ENTRY--CORPORATE NAME
9 (RLIN) 56895
942 ## - ADDED ENTRY ELEMENTS (KOHA)
Item type Hindi Books
Source of classification or shelving scheme Dewey Decimal Classification
Classification part 954.16
Call number suffix नवल
Holdings
Withdrawn status Lost status Not for loan Collection code Home library Current library Date acquired Source of acquisition Cost, normal purchase price Full call number Barcode Copy number Cost, replacement price Koha item type
      Non-fiction Mobile Library Mobile Library 19/09/2023 DBAD/PUB 160.00 954.16 नवल HN-98389 1 160.00 Hindi Books

© Delhi Public Library
Hit Counter
free hit counter